000 00434nam a2200157Ia 4500
008 240729s9999 xx 000 0 und d
022 _a2772-686X
245 0 _aChinese Journal of Plastic and Reconstructive Surgery
260 _aChina
260 _bKeAi Communications Co. Ltd.
650 _a Surgery
650 _aMedicine
856 _uhttps://doaj.org/toc/9c2ecc1f0e6c48c18310654b574ed408
942 _2ddc
942 _cDOAJEJ
999 _c67634
_d67634
945 _a1
_bMadushi Gamage
_c1
_dMadushi Gamage